Filosofía fundamental

Αποθηκεύτηκε σε:
Λεπτομέρειες βιβλιογραφικής εγγραφής
Κύριος συγγραφέας: Balmes Urpiá, Jaime Luciano (Συγγραφέας)
Μορφή: Βιβλίο
Γλώσσα:Ισπανικά
Έκδοση: Barcelona Imprenta de A. Brusi 1846
Θέματα:
Ετικέτες: Προσθήκη ετικέτας
Δεν υπάρχουν, Καταχωρήστε ετικέτα πρώτοι!

MARC

LEADER 00000nam a2200000 a 4500
001 UCY8791
003 CL-VaPUC
008 950707e18460000SP |||||||||||||||||spa|d
082 0 4 |a 100  |b BAL  |2 21 
100 0 |a Balmes Urpiá, Jaime Luciano  |e author  |9 554628 
245 1 0 |a Filosofía fundamental 
300 |a 4 v 
942 |c BK 
945 |d 19950707 00:00:00  |a aalvarez 
260 |a Barcelona  |b Imprenta de A. Brusi  |c 1846 
650 0 |a Filosofía   |9 223554 
583 |a last modification  |c 20190725 04:16:01  |k Rodrigo Vera 
999 |c 343650  |d 343648 
952 |0 0  |1 0  |4 0  |6 100_000000000000000_BAL_1846  |7 0  |8 P  |9 441119  |a BIBEDU  |b BIBEDU  |c BIBEDU_PB  |d 2019-11-22  |h v.4  |i 3098036  |o 100 BAL 1846  |p 3098036  |r 2024-01-25  |w 2019-11-22  |y BK  |k FIL